000 00978nam a22002777a 4500
003 URS
005 20250729142800.0
008 250729b |||||||| |||| 00| 0 eng d
020 _a978-1-4625-1789-3
040 _erda
_cURS
_bEnglish
050 0 0 _aRC467
_b.S432 2015
245 0 0 _aScience and pseudoscience in clinical psychology /
_cediited by Scott O. Lilienfeld, Steven Jay Lynn and Jeffrey M. Lohr.
250 _aSecond edition.
264 1 _aNew York :
_bThe Guilford Press,
_c©2015.
300 _axxiii, 548 pages ;
_c23 cm.
336 _atext
_btxt
_2rdacontent
337 _aunmediated
_bn
_2rdamedia
338 _avolume
_bnc
_2rdacarrier
504 _aIncludes bibliographical references and index.
650 0 _aPsychology, Clinical
_xmethods.
_96293
650 0 _aPsychotherapy
_xmethods.
_96294
700 _aLilienfeld, Scott O.,
_eeditor.
_96295
700 _aLynn, Steven Jay,
_eeditor.
_96296
700 _aLohr, Jeffrey M.,
_eeditor.
_96297
942 _2lcc
_cFR
999 _c83877
_d83876